Adsorptive removal of Zn (II) from synthetic wastewater using rubber seed shell charcoal (Record no. 53849)
[ view plain ]
| 000 -LEADER | |
|---|---|
| fixed length control field | 01556nam a2200229Ia 4500 |
| 100 ## - MAIN ENTRY--AUTHOR NAME | |
| Personal name | Mohan Thomas |
| 245 #0 - TITLE STATEMENT | |
| Title | Adsorptive removal of Zn (II) from synthetic wastewater using rubber seed shell charcoal |
| 260 ## - PUBLICATION, DISTRIBUTION, ETC. (IMPRINT) | |
| Name of publisher | Pollution Research |
| Year of publication | 2011 |
| 300 ## - PHYSICAL DESCRIPTION | |
| Number of Pages | 225-231 |
| 500 ## - GENERAL NOTE | |
| General note | Source Year: 2011 |
| 520 ## - SUMMARY, ETC. | |
| Summary, etc | Charcoal samples were prepared from rubber seed shell, an agricultural waste, for the removal of Zn (II) ions. The adsorption characteristics of Zn (II) ions from aqueous solution on to activated rubber seed shell charcoal (RSSC), acid treated rubber seed shell charcoal (ARSSC), chitosan coated rubber seed shell charcoal (CCRSSC), and chitosan coated acid treated rubber seed shell charcoal (CCARSSC) were investigated. The effect of pH of zinc solution, adsorbent dose and contact time on adsorption rates were studied in batch experiment. Results showed that chemically modified adsorbants with oxidizing agents or chitosan have better zinc (II) removal capabilities than the untreated on es. The removal efficiency was found to be in the order (CCARSSC)> (CCRSSC)> (ARSSC)>(RSSC). The optimum pH was found to be 7. The equilibrium data for the adsorption of zinc (II) were analysed in the light of Langmuir and Freundlich isotherm models. |
| 650 ## - SUBJECT ADDED ENTRY--TOPICAL TERM | |
| Topical Term | Adsorption |
| 650 ## - SUBJECT ADDED ENTRY--TOPICAL TERM | |
| Topical Term | Biosorbent |
| 650 ## - SUBJECT ADDED ENTRY--TOPICAL TERM | |
| Topical Term | Chitosan |
| 650 ## - SUBJECT ADDED ENTRY--TOPICAL TERM | |
| Topical Term | Isotherm |
| 650 ## - SUBJECT ADDED ENTRY--TOPICAL TERM | |
| Topical Term | Rubber seed shell charcoal |
| 700 ## - ADDED ENTRY--PERSONAL NAME | |
| Personal name | Anitha Pious |
| 700 ## - ADDED ENTRY--PERSONAL NAME | |
| Personal name | George Sebastian |
| 700 ## - ADDED ENTRY--PERSONAL NAME | |
| Personal name | Philip K C |
| 942 ## - ADDED ENTRY ELEMENTS (KOHA) | |
| Koha item type | Journals |
| Withdrawn status | Lost status | Damaged status | Not for loan | Home library | Current library | Shelving location | Date acquired | Serial Enumeration / chronology | Koha item type |
|---|---|---|---|---|---|---|---|---|---|
| Journals | RRII Library | RRII Library | Rubber technology | 04/10/2011 | Volume 30, Issue 2 | Journals |